| 000 | 00916nam0a22002651 4500 | ||
|---|---|---|---|
| 001 | rc\2778636 | ||
| 005 | 20250806205516.0 | ||
| 035 | _a(NLR Aleph) 006904888 | ||
| 090 |
_a55804 _c55804 |
||
| 100 | _a20110915d1942 u y0rusy50 ca | ||
| 101 | 0 | _arus | |
| 102 | _aRU | ||
| 105 | _ay z |||a| | ||
| 200 | 1 |
_aНаука ненависти _e[Рассказ] _fМихаил Шолохов |
|
| 210 |
_aМосква _cВоенмориздат _d1942 |
||
| 215 |
_a29, [3] с. _d14 см. |
||
| 225 | 1 | _aФронтовая библиотека краснофлотца | |
| 700 | 1 |
_aШолохов _bМ. А. _cписатель _f1905-1984 _gМихаил Александрович _3RU\NLR\auth\7723650 |
|
| 801 | 0 |
_aRU _bNLR _gpsbo |
|
| 801 | 1 |
_aRU _bELAR _2rusmarc |
|
| 852 |
_aNLR _jЛ30 Г-2/1411 |
||
| 942 | _cBOOK | ||
| 945 | _aРоссийская национальная библиотека | ||
| 980 | _aNB | ||
| 980 | _aBV | ||